Personnages de Blanche-neige et les sept nains en images - Disney - Statistiques

Statistiques générales
  • Ce quiz a été pris 45 fois
  • Le résultat moyen est 12 sur 12
Statistiques - réponses
Par images Réponse % Correct
Blanche-Neige
100%
Grincheux
100%
Simplet
100%
Atchoum
98%
Le Chasseur
98%
Le miroir magique
98%
Prof
98%
Dormeur
95%
Joyeux
95%
Le prince
95%
Timide
90%
La Reine Grimhilde
83%
Aucun quiz correspondant
Distribution des résultats
% des personnes avec chaque résultat
Percentile par nombre de réponses
Votre historique - résultats
Vous n’avez pas pris ce quiz